|
|
แสดงรายละเอียดบรรณานุกรม |
|
|
Brief Record
: Get Marc (ISO 2709)
: E-mail record
: |
|
|
|
| LEADER 00000nam 2200000uu 4500 | |||
| 001 209631 | |||
| 003 ULIBM | |||
| 008 140410s2555||||th 000 0 tha d | |||
| 020 ^a9786167431499 | |||
| 040 ^abcnkk | |||
| 041 0 ^atha | |||
| 060 04 ^aQU83^bว582บ 2555 | |||
| 100 0 ^aวิทยา กดุมภะ | |||
| 245 10 ^aเบต้ากลูแคนเสริมภูมิคุ้มกัน =^bBetaglucan /^cวิทยา กดุมภะ | |||
| 246 31 ^aBetaglucan | |||
| 260 ^aกรุงเทพฯ :^bเพชรประกาย,^c2555 | |||
| 300 ^a175 หน้า :^bภาพประกอบ ;^c21 ซม. | |||
| 650 4 ^aกลูโคส^xการวิเคราะห์ | |||
| 650 4 ^aโพลิแซคคาไรด์ | |||
| 650 4 ^aสารอาหาร | |||
| 999 ^aใช้งานได้ทุกระบบ | |||
| คุณยังไม่ได้ล็อกอิน คุณสามารถมีกิจกรรมร่วมกับเว็บไซต์ได้ แต่ต้องล็อกอินก่อน :: |
|
| สถานะ | |||||||||
| 1. | หนังสือสำรอง สถานะ=หนังสือเก่า - บริการ ณ ห้องสมุด (ห้องเหลือง) | QU83 ว582บ 2555 | On Shelf ขอยืม | ||||||
| Note:ปีงบประมาณ2557 | |||||||||
| 2. | วิทยาศาสตร์สุขภาพ สถานะ=หนังสือเก่า - บริการ ณ ห้องสมุด (ห้องเหลือง) | QU83 ว582บ 2555 ฉ.2 | On Shelf ขอยืม | ||||||
| Note:ปีงบประมาณ2557 | |||||||||
| 3. | วิทยาศาสตร์สุขภาพ สถานะ=หนังสือเก่า - บริการ ณ ห้องสมุด (ห้องเหลือง) | QU83 ว582บ 2555 ฉ.3 | On Shelf ขอยืม | ||||||
| Note:ปีงบประมาณ2557 | |||||||||
| [แสดง 3/3 รายการ] | |||||||||
BibComment |
| คอมเมนท์ทรัพยากรรายการนี้ |
|
|